| 000 | 00766nam a2200217 i 4500 | ||
|---|---|---|---|
| 001 | 104980 | ||
| 003 | ES-MaACL | ||
| 005 | 20250828083412.0 | ||
| 007 | t| | ||
| 008 | 060601s1964 sp ||||1| spa d | ||
| 080 | _a75(460)"19":061.43 | ||
| 245 | 1 | 0 | _aXXII Exposición Nacional de Arte de la O.S. de Educación y Descanso [Logroño, 1964]. |
| 260 |
_a[Madrid] : _bPublicaciones Españolas, _c[1964] |
||
| 300 |
_a[12] p. : _bil. ; _c23 cm. |
||
| 490 | 1 |
_aCuadernos de arte. Serie divulgación ; _v9 |
|
| 650 | 4 |
_aPintura española- _yS.XX- _vExposiciones. _916043 |
|
| 710 | 2 |
_aObra Sindical Educación y Descanso (España) _96002 |
|
| 830 | 1 |
_aCuadernos de arte. Serie divulgación ; _v9 _9184876 |
|
| 852 |
_aES-MaACL _j2204-F-5 |
||
| 999 |
_c104980 _d104980 |
||